01018nam a2200289 a 450000500170000000800410001701000140005802000260007202000230009803500130012103700150013404000180014908200100016724501250017726000460030230000250034850000200037365000120039365000320040565000450043765000260048270000210050870000160052994200240054599900170056995201420058620020626165708.0000825s2001 nyu | b 00| 0 eng  aENG-91570 a9780195698503c695.00 a0195698509c695.00 aEN-75103 bDBAD / PUB adplbEnglish  a333.2 aThe contested commons:cedited by Pranab Bardhan (and) Isha Ray bconversations between economists and anthropologists / aNew Delhi bOxford University Pressc2008 ax, 289p.c24 cm (Hb) aIncludes index  aCommons aNatural resources, Communal aCommunication in international relations aEconomic anthropology aBardhan, Pranab  aRay, Isha  2ddccENmCONh333.2 c18179d18179 00102ddc40718NFICaDBADbDBADd2008-11-07eDBAD / PUBg695.00l0o333.2 CONpEN-75103r2008-11-07 00:00:00t1v695.00w2008-11-07yEN